LEADER 00965nam a2200241 i 4500 001 991001442359707536 008 060124s2001 it 000 0 ita d 020 $a8851300208 035 $ab13373183-39ule_inst 040 $aSet. Economia$bita 082 $a341.751494 100 1 $aVilla, Norberto$0616152 245 10$aEuro :$baspetti contabili e fiscali della moneta unica europea :$btesto aggiornato alla L. 18 ottobre 2001, n. 383 (Legge dei cento giorni) e alla c.m. Agenzia delle entrate 22 ottobre 2001, n. 92/E /$cNorberto Villa 260 $aNapoli :$bSE,$c2001 300 $a208 p. ;$c24 cm 440 0$aMP ;$v2 650 4$aEuro$xAspetti giuridici 907 $a.b13373183$b21-10-14$c24-01-06 912 $a991001442359707536 945 $aLE025 ECO 341 VIL01.01$g1$i2025000131859$lle025$o-$pE12.91$q-$rl$s- $t0$u1$v0$w1$x0$y.i14187735$z01-02-06 996 $aEuro$91094134 997 $aUNISALENTO 998 $ale025$b24-01-06$cm$da $e-$fita$git $h0$i0 LEADER 01568nam 2200397 450 001 9910703601403321 005 20150316154940.0 035 $a(CKB)5470000002431682 035 $a(OCoLC)904966571 035 $a(EXLCZ)995470000002431682 100 $a20150316d1961 ua 0 101 0 $aeng 135 $aurbn||||||||| 181 $ctxt$2rdacontent 182 $cc$2rdamedia 183 $acr$2rdacarrier 200 00$aCharcoal production, marketing, and use /$fcompiled by Forest Products Laboratory 210 1$aMadison, Wisconsin :$cUnited States Department of Agriculture, Forest Service, Forest Products Laboratory,$d1961. 215 $a1 online resource (iii, 137 pages) $cillustrations, maps 225 1 $aReport ;$vno. 2213 300 $aTitle from title screen (viewed Feb. 26, 2015). 300 $a"Prepared in cooperation with the Lake States and Southeastern Experiment stations"--acknowledgment. 300 $a"July 1961." 300 $aPublication pre-dates Federal Depository Library Program (FDLP) item numbers. No FDLP item number has been assigned. 320 $aIncludes bibliographical references (pages 127-135). 606 $aCharcoal 615 0$aCharcoal. 712 02$aForest Products Laboratory (U.S.), 712 02$aSoutheastern Forest Experiment Station (Asheville, N.C.) 712 02$aLake States Forest Experiment Station (Saint Paul, Minn.) 801 0$bGPO 801 1$bGPO 906 $aBOOK 912 $a9910703601403321 996 $aCharcoal production, marketing, and use$93141295 997 $aUNINA